Statistics for Can you guess what these countries are? #1

Click here to take the quiz!

General Stats

  • This quiz has been taken 25 times
  • The average score is 15 of 16

Answer Stats

Answer% Correct
Australia
100%
Canada
100%
Chile
100%
Italy
100%
Mexico
100%
United kingdom
100%
United states of america
100%
Argentina
96%
France
96%
India
96%
New zealand
96%
Brazil
92%
China
88%
Germany
84%
Pakistan
64%
Ethiopia
52%

Score Distribution

Percentile by Number Answered

Percent of People with Each Score

Your Score History

You have not taken this quiz